Central Library OPAC University of Rajshahi

Cooperation and competition among primitive peoples / (Record no. 11587)

MARC details
000 -LEADER
fixed length control field 00802cam a22002891 4500
001 - CONTROL NUMBER
control field 11587
003 - CONTROL NUMBER IDENTIFIER
rucl marc code BD-RjUL
005 - DATE AND TIME OF LATEST TRANSACTION
control field 20211208235142.0
008 - FIXED-LENGTH DATA ELEMENTS--GENERAL INFORMATION
fixed length control field 140127s1961 maua 000 0 eng
035 ## - SYSTEM CONTROL NUMBER
System control number (BD-RjUL)11636
040 ## - CATALOGING SOURCE
Original cataloging agency DLC
Transcribing agency DLC
Modifying agency DLC
-- BD-RjUL
Language of cataloging eng
041 ## - LANGUAGE CODE
Language code of text/sound track or separate title eng
082 00 - DEWEY DECIMAL CLASSIFICATION NUMBER
Classification number 572
Author mark and year COO 1961
245 10 - TITLE STATEMENT
Title Cooperation and competition among primitive peoples /
Statement of responsibility, etc. Edited by Margaret Mead.
250 ## - EDITION STATEMENT
Edition statement [Enl. ed.
260 ## - PUBLICATION, DISTRIBUTION, ETC. (IMPRINT)
Place of publication, distribution, etc. Boston :
Name of publisher, distributor, etc. Beacon Press,
Date of publication, distribution, etc. c1961.
300 ## - PHYSICAL DESCRIPTION
Pagination 544 p. :
Illustrations illus. ;
Size 21 cm.
490 0# - SERIES STATEMENT
Series statement Beacon BP123
504 ## - BIBLIOGRAPHY, ETC. NOTE
Bibliography, etc Includes index.
650 #0 - SUBJECT ADDED ENTRY--TOPICAL TERM
Topical term or geographic name as entry element Ethnology.
9 (RLIN) 35841
Topical term or geographic name as entry element Cooperation.
9 (RLIN) 35842
Topical term or geographic name as entry element Competition.
9 (RLIN) 35843
700 1# - ADDED ENTRY--PERSONAL NAME
Personal name Mead, Margaret,
942 ## - ADDED ENTRY ELEMENTS (KOHA)
Source of classification or shelving scheme Dewey Decimal Classification
Koha item type Books
Holdings
Lost status Source of classification or shelving scheme Damaged status Not for loan Permanent Location Current Location Shelving location Date acquired Source of acquisition Cost, normal purchase price Total Checkouts Full call number Date last seen Copy number Koha item type
  Dewey Decimal Classification   Not For Loan Central Library, University of Rajshahi Central Library, University of Rajshahi Reading Room 01/12/1965 Zeitlinger 45.00   572 COO 1961 27/01/2014 C-1 Books